[Event "Wch U18 blitz"]
[Site "Terme Catez"]
[Date "2024.12.16"]
[Round "2"]
[White "Pyrig, Roman"]
[Black "Makay, Mark Janos"]
[Result "1-0"]
[WhiteElo "2399"]
[BlackElo "2046"]
[PlyCount "87"]
[EventDate "2024.12.16"]
[EventType "swiss (blitz)"]
[EventRounds "22"]
[EventCountry "SLO"]
[SourceTitle "CB51_2024"]
[SourceDate "2024.12.18"]
[SourceVersion "1"]
[SourceVersionDate "2024.12.18"]
[SourceQuality "1"]

1. e4 c5 2. Nf3 e6 3. g3 Nc6 4. Bg2 Nf6 5. Nc3 d5 6. exd5 exd5 7. d4 Bg4 8. dxc5 Bxc5 9. 0-0 0-0 10. h3 Bh5 11. g4 Bg6 12. Nh4 d4 13. Nxg6 hxg6 14. Ne2 Qb6 15. Nf4 Rad8 16. Nd3 Bd6 17. a3 Ne5 18. Kh1 Nxd3 19. Qxd3 Bb8 20. Bd2 Rfe8 21. b3 Nd7 22. Rae1 Rxe1 23. Rxe1 Nc5 24. Qc4 Ne6 25. Kg1 Qd6 26. Kf1 Qxa3 27. Bxb7 Qd6 28. Qc6 Qh2 29. Qg2 Qd6 30. Qc6 Qh2 31. Qg2 Qd6 32. Be4 Nc5 33. Bb4 Qb6 34. Bxc5 Qxc5 35. Bd3 Qd6 36. h4 Bc7 37. h5 Ba5 38. Re2 Qa3 39. Qe4 Qc1+ 40. Kg2 Qg5 41. hxg6 fxg6 42. Qe6+ Kh7 43. Re5 Qf6 44. Rh5# 1-0

[Event "EU-ch U18 blitz"]
[Site "Prague"]
[Date "2024.08.20"]
[Round "8"]
[White "Makay, Mark Janos"]
[Black "Chyzy, Jakub"]
[Result "1-0"]
[WhiteElo "2028"]
[BlackElo "2368"]
[PlyCount "79"]
[EventDate "2024.08.19"]
[EventType "swiss (blitz)"]
[EventRounds "18"]
[EventCountry "CZE"]
[SourceTitle "CBM 221 Extra"]
[Source "ChessBase"]
[SourceDate "2024.09.30"]
[SourceVersion "1"]
[SourceVersionDate "2024.09.30"]
[SourceQuality "1"]

1. e4 Nf6 2. e5 Nd5 3. c4 Nb6 4. d4 d6 5. exd6 exd6 6. Nc3 Be7 7. Bd3 0-0 8. Nge2 Bf6 9. 0-0 Nc6 10. Be3 Re8 11. b3 Bg4 12. Qc2 g6 13. h3 Nb4 14. Qb1 Bd7 15. Be4 d5 16. cxd5 N4xd5 17. Bxd5 Nxd5 18. Nxd5 Bg7 19. Ndf4 c6 20. Qc2 Bf5 21. Qc4 Qd6 22. Ng3 Bd7 23. Rad1 h5 24. d5 Qc7 25. dxc6 Bxc6 26. Nxg6 b5 27. Qc2 fxg6 28. Qxg6 Kh8 29. Nxh5 Be4 30. Qxg7+ Qxg7 31. Nxg7 Kxg7 32. Rd7+ Kf6 33. Rc1 a5 34. Rcc7 Bf5 35. Rf7+ Kg6 36. Rg7+ Kf6 37. Rgf7+ Kg6 38. Rfe7 Red8 39. g4 Bd3 40. Rc6+ 1-0

[Event "EU-ch U18 blitz"]
[Site "Prague"]
[Date "2024.08.20"]
[Round "10"]
[White "Stevik, Patrik1"]
[Black "Makay, Mark Janos"]
[Result "1-0"]
[WhiteElo "2244"]
[BlackElo "2028"]
[PlyCount "57"]
[EventDate "2024.08.19"]
[EventType "swiss (blitz)"]
[EventRounds "18"]
[EventCountry "CZE"]
[SourceTitle "CBM 221 Extra"]
[Source "ChessBase"]
[SourceDate "2024.09.30"]
[SourceVersion "1"]
[SourceVersionDate "2024.09.30"]
[SourceQuality "1"]

1. Nf3 Nf6 2. g3 d5 3. Bg2 c6 4. 0-0 Bf5 5. d3 h6 6. Nbd2 e6 7. Re1 Be7 8. e4 Bh7 9. c3 0-0 10. Qc2 a5 11. Nf1 Na6 12. e5 Nd7 13. Qe2 c5 14. h4 b5 15. Bf4 c4 16. d4 b4 17. Ne3 Rb8 18. h5 bxc3 19. bxc3 Qb6 20. Ng4 Rfc8 21. Qe3 Bf8 22. Re2 Nc7 23. Rf1 Ne8 24. Nh4 Qd8 25. Rfe1 a4 26. Bxd5 exd5 27. e6 fxe6 28. Qxe6+ Kh8 29. Bxb8 1-0

[Event "HUN-chT1 Charousek 2324"]
[Site "Hungary"]
[Date "2024.04.07"]
[Round "9.11"]
[White "Makay, Mark Janos"]
[Black "Nagy, Lajos"]
[Result "1-0"]
[WhiteElo "2068"]
[BlackElo "1855"]
[PlyCount "147"]
[EventDate "2023.10.08"]
[EventType "team-tourn"]
[EventRounds "11"]
[EventCountry "HUN"]
[SourceTitle "EXT 2025"]
[Source "ChessBase"]
[SourceDate "2024.10.14"]
[SourceVersion "1"]
[SourceVersionDate "2024.10.14"]
[SourceQuality "1"]
[WhiteTeam "Biatorbagy II"]
[BlackTeam "Paks ASE II"]
[WhiteTeamCountry "HUN"]
[BlackTeamCountry "HUN"]

1. e4 e5 2. Nf3 Nc6 3. Bc4 Bc5 4. c3 Nf6 5. d3 a6 6. 0-0 Ba7 7. h3 d6 8. Nbd2 Na5 9. a4 Nxc4 10. Nxc4 b5 11. Ne3 0-0 12. Re1 Bd7 13. a5 Re8 14. Nf1 Rb8 15. b4 c5 16. Be3 Qc7 17. Rc1 Qb7 18. Ng3 cxb4 19. Bxa7 Qxa7 20. cxb4 Rbc8 21. Qd2 Qb7 22. Rxc8 Rxc8 23. d4 Qc7 24. dxe5 dxe5 25. Rd1 Re8 26. Qd6 Qxd6 27. Rxd6 Bc8 28. Rc6 Bb7 29. Rb6 Bc8 30. Nd2 Nd7 31. Rc6 g6 32. Ngf1 Kf8 33. Ne3 Nb8 34. Rc7 Be6 35. Nf3 Re7 36. Rxe7 Kxe7 37. Nxe5 f6 38. Nd3 Nc6 39. Nc2 Bb3 40. Nce1 Bc4 41. f4 Kd6 42. Kf2 f5 43. e5+ Kd5 44. Ke3 h6 45. Nc2 g5 46. g3 Bb3 47. Kd2 Kc4 48. Ne3+ Kd4 49. Nxf5+ Ke4 50. Nxh6 gxf4 51. gxf4 Bc4 52. Nc5+ Kxf4 53. Nxa6 Kxe5 54. Kc3 Bf1 55. Ng4+ Kd6 56. h4 Bh3 57. Nf2 Bc8 58. Nc5 Ne7 59. Nfe4+ Kc6 60. h5 Nd5+ 61. Kb3 Bg4 62. h6 Bf5 63. Ng5 Nf6 64. Nce6 Bg6 65. Nf8 Bd3 66. h7 Nxh7 67. Nfxh7 Kb7 68. Nf6 Bf1 69. Nfe4 Be2 70. Nc3 Bf1 71. Nf3 Ka7 72. Nd4 Bc4+ 73. Ka3 Bf1 74. Ndxb5+ 1-0

[Event "HUN-ch U20 rapid"]
[Site "Budapest"]
[Date "2024.03.23"]
[Round "2"]
[White "Makay, Mark Janos"]
[Black "Pasztor, Balazs"]
[Result "0-1"]
[WhiteElo "2042"]
[BlackElo "2406"]
[PlyCount "58"]
[EventDate "2024.03.23"]
[EventType "swiss (rapid)"]
[EventRounds "9"]
[EventCountry "HUN"]
[SourceTitle "EXT 2025"]
[Source "ChessBase"]
[SourceDate "2024.10.14"]
[SourceVersion "1"]
[SourceVersionDate "2024.10.14"]
[SourceQuality "1"]

1. e4 e5 2. Nf3 Nc6 3. Bc4 Bc5 4. c3 Nf6 5. d4 exd4 6. e5 d5 7. Bb5 Ne4 8. cxd4 Bb6 9. h3 0-0 10. 0-0 f6 11. Be3 f5 12. Nc3 f4 13. Bc1 Be6 14. Re1 Ng5 15. Bxc6 bxc6 16. Nh2 Bd7 17. h4 Ne6 18. Nf3 Be8 19. Ne2 Bh5 20. Qd3 Bxf3 21. Qxf3 Qxh4 22. Rd1 Ng5 23. Qc3 f3 24. Bxg5 Qxg5 25. Ng3 fxg2 26. Qxc6 Rad8 27. Qc1 Qg4 28. Qe3 Rf3 29. Qe2 Rxg3 0-1

[Event "HUN-chT2 Erkel 2223"]
[Site "Hungary"]
[Date "2023.04.23"]
[Round "9.10"]
[White "Makay, Mark Janos"]
[Black "Andreeva, Elena"]
[Result "1-0"]
[WhiteElo "1945"]
[BlackElo "1909"]
[PlyCount "59"]
[EventDate "2022.11.20"]
[EventType "team-tourn"]
[EventRounds "9"]
[EventCountry "HUN"]
[SourceTitle "EXT 2025"]
[Source "ChessBase"]
[SourceDate "2024.10.14"]
[SourceVersion "1"]
[SourceVersionDate "2024.10.14"]
[SourceQuality "1"]
[WhiteTeam "EUTender Sinus"]
[BlackTeam "Fot"]
[WhiteTeamCountry "HUN"]
[BlackTeamCountry "HUN"]

1. e4 c5 2. Nf3 d6 3. d4 cxd4 4. Nxd4 Nf6 5. f3 g6 6. c4 Bg7 7. Nc3 Nc6 8. Be3 0-0 9. Be2 Bd7 10. Qd2 Rc8 11. Rc1 a6 12. 0-0 Nxd4 13. Bxd4 Be6 14. b4 Bd7 15. Qb2 Nh5 16. Nd5 Bxd4+ 17. Qxd4 e6 18. Nb6 Nf4 19. Rc2 Qg5 20. g4 e5 21. Qd2 Rcd8 22. Nd5 h5 23. Nxf4 exf4 24. Qd5 Qh4 25. gxh5 Be6 26. Qd4 Qxh5 27. Rf2 f6 28. Bd1 Kg7 29. Qb6 Rf7 30. Qxd8 1-0

[Event "HUN-chT2 Erkel 2223"]
[Site "Hungary"]
[Date "2022.11.20"]
[Round "1.10"]
[White "Horvath, Zoltan4"]
[Black "Makay, Mark Janos"]
[Result "0-1"]
[WhiteElo "1986"]
[BlackElo "1813"]
[PlyCount "76"]
[EventDate "2022.11.20"]
[EventType "team-tourn"]
[EventRounds "9"]
[EventCountry "HUN"]
[SourceTitle "EXT 2025"]
[Source "ChessBase"]
[SourceDate "2024.10.14"]
[SourceVersion "1"]
[SourceVersionDate "2024.10.14"]
[SourceQuality "1"]
[WhiteTeam "Kekes II"]
[BlackTeam "EUTender Sinus"]
[WhiteTeamCountry "HUN"]
[BlackTeamCountry "HUN"]

1. e4 c5 2. f4 d5 3. e5 Bf5 4. Nf3 e6 5. d3 Ne7 6. Be2 d4 7. Nbd2 Nd5 8. Ne4 Be7 9. 0-0 0-0 10. Bd2 Nc6 11. c4 Bxe4 12. dxe4 Nb6 13. Bd3 Qc7 14. a3 Rfe8 15. Qc2 a5 16. b3 a4 17. Rfb1 axb3 18. Qxb3 Ra6 19. a4 Nb4 20. Bxb4 cxb4 21. c5 Bxc5 22. Bxa6 bxa6 23. a5 Nd7 24. Rc1 Qb7 25. Nd2 d3+ 26. Kh1 Be3 27. Qxd3 Bxf4 28. Rd1 Nxe5 29. Qe2 Rc8 30. Nf3 Nxf3 31. Qxf3 Be5 32. Rac1 Rxc1 33. Rxc1 b3 34. Qd3 h6 35. Qd8+ Kh7 36. Qb6 b2 37. Re1 Qxb6 38. axb6 a5 0-1